Principios y métodos para evaluar la toxicidad de las sustancias químicas. Parte 1
Сохранить в:
| Формат: | |
|---|---|
| Язык: | Spanish |
| Опубликовано: |
Washington : OPS, Oficina Sanitaria Panamericana, Organización Mundial de la Salud,
1980.
|
| Серии: | Criterios de salud ambiental
|
| Предметы: | |
| Метки: |
Добавить метку
Нет меток, Требуется 1-ая метка записи!
|
MARC
| LEADER | 00000nam a2200000Ia 4500 | ||
|---|---|---|---|
| 003 | 001976 | ||
| 005 | 20221231143958.0 | ||
| 008 | 140114s1980 waua 000 ||spa d | ||
| 020 | |a 9275314020 | ||
| 040 | |c cru CEDI | ||
| 082 | |a 614.7 P957p | ||
| 245 | |a Principios y métodos para evaluar la toxicidad de las sustancias químicas. Parte 1 | ||
| 260 | |a Washington : OPS, Oficina Sanitaria Panamericana, Organización Mundial de la Salud, |c 1980. | ||
| 300 | |a 287 páginas : ilustraciones | ||
| 440 | |a Criterios de salud ambiental |n 6 |9 21080 | ||
| 650 | |x SALUD AMBIENTAL |x PRODUCTOS QUIMICOS |x TOXICOLOGIA |9 21081 | ||
| 942 | |2 ddc |c BK | ||
| 999 | |c 15115 |d 15115 | ||



